Sports Quiz

Random Sports Quiz
Score 0/103 Timer 20:00
0 Plays Today
Année Coureur % Correct
2015Ilnur Zakarin
88%
2010Joaquim Rodriguez
85.6%
2012Alexander Kristoff
72.6%
2011Daniel Moreno
68.8%
2018Marcel Kittel
62.5%
2016Nils Politt
59.1%
2012 Denis Menchov
54.8%
2017Rick Zabel
53.4%
2017Tony Martin
51.4%
2012Sinom Spilak
50%
2018Alex Dowsett
45.2%
2009Vladimir Karpets
43.8%
2010Alexander Kolobnev
42.8%
2019Daniel Navarro
42.3%
2012Marco Haller
41.3%
2011Yuriy Trofimov
36.1%
2015Tiago Machado
36.1%
2009Filippo Pozzato
35.6%
2009Sergei Ivanov
35.1%
2010Kim Kirchen
35.1%
2019Jens Debusschere
35.1%
2016Rein Taaramae
34.6%
2009Pavel Brutt
34.1%
2009Robbie McEwen
34.1%
2010Egor Silin
34.1%
2014Egor Silin
34.1%
2009Mikhail Ignatiev
33.2%
2017Robert Kiserlovski
33.2%
2011Luca Paolini
32.7%
2015Sven Etik Bystrom
32.7%
2017José Gonçalves
32.7%
2016Jhonatan Restrepo
30.8%
2009Laszlo Bodrogi
30.3%
2012Oscar Freire
29.8%
2012Gatis Smukulis
29.8%
Année Coureur % Correct
2013Viatcheslav Kuznetsov
29.8%
2009Alexandre Botcharov
28.8%
2017Reto Hollenstein
28.8%
2009Ben Swift
28.4%
2012Maxim Belkov
28.4%
2016Michael Morkov
28.4%
2019Enrico Battaglin
28.4%
2010Vladimir Gusev
27.4%
2019Ruben Guerreiro
27.4%
2009Evgueni Petrov
26.9%
2011Alexander Porsev
26.9%
2014Pavel Kochetkov
26.9%
2017Mads Wurtz
26.9%
2009Stijn Vandenbergh
26.4%
2010Giampaolo Caruso
26.4%
2011Alberto Losada
26%
2010Eduard Vorganov
26%
2012Angel Vicioso
25.5%
2017Jenthe Biermans
25%
2018Nathan Haas
25%
2009Ivan Rovny
23.6%
2017Baptiste Planckaert
23.6%
2018Ian Boswell
23.6%
2009Denis Galimzyanov
22.6%
2016Matvey Mamykin
22.6%
2010Alexander Pliushin
22.1%
2018Steff Cras
22.1%
2009Maximme Vantomme
21.2%
2015Giacopo Guarnieri
21.2%
2015Serguey Lagutin
21.2%
2018Willie Smit
21.2%
2012Rudiger Selig
20.7%
2009Antonio Colom
19.7%
2009Cristian Pfannberger
19.7%
2009Nikolay Trusov
19.7%
Année Coureur % Correct
2010Artem Ovechkin
19.7%
2013Sergei Chernetski
19.7%
2009Danilo Napolitano
18.8%
2011Leif Hoste
18.8%
2011Alexander Kuschynski
18.8%
2018Matteo Fabbro
18.8%
2009Alexei Markov
18.3%
2013Anton Vorobyev
18.3%
2016Jurgen Van Den Broeck
17.3%
2017Maurits Lammertink
17.3%
2019Dmitriy Strakhov
17.3%
2011Vladimir Isaychev
16.3%
2017Marco Mathis
16.3%
2009Luca Mazzanti
15.9%
2009Gert Steegmans
15.9%
2013Dmitriy Kozontchuk
15.9%
2009Joan Horrach
15.4%
2009Sergey Klimov
15.4%
2012Xavier Florencio
14.4%
2009Nikita Eskov
13.5%
2012Alexey Tsatevitch
13.5%
2009Kenny Dehaes
13%
2009Alexander Serov
13%
2010Mikhaylo Khalilov
13%
2011Danilo Di Luca
13%
2011Petr Ignatenko
13%
2009Gennady Mikhailov
12.5%
2011Arkimedes Arguelyes
12%
2011Alexander Mironov
11.1%
2019Harry Tanfiield
10.1%
2010Marco Bandiera
8.7%
2010Timofey Kristskiy
7.2%
2014Alexander Rybakov
5.8%
Remove Ads.
Support Sporcle.
Get the best of Sporcle when you Go Orange. This ad-free experience offers more features, more stats, and more fun while also helping to support Sporcle. Thank you for becoming a member.

You're not logged in!

Compare scores with friends on all Sporcle quizzes.
OR
Log In

Sporcle TV

Today on Sporcle TV


Watch our educational content, quiz creation guides, and fun videos on Sporcle TV.

Show Comments

Extras

Created May 11, 2020ReportNominate
Tags:2009, 2019, les

Top Quizzes Today


Score Distribution

Paid Content

Your Account Isn't Verified!

In order to create a playlist on Sporcle, you need to verify the email address you used during registration. Go to your Sporcle Settings to finish the process.

Report this User

Report this user for behavior that violates our Community Guidelines.

Details: